<?xml version="1.0" encoding="UTF-8"?>
<record
    xmlns:xsi="http://www.w3.org/2001/XMLSchema-instance"
    xsi:schemaLocation="http://www.loc.gov/MARC21/slim http://www.loc.gov/standards/marcxml/schema/MARC21slim.xsd"
    xmlns="http://www.loc.gov/MARC21/slim">

  <leader>02237nam a2200397 i 4500</leader>
  <controlfield tag="003">DO-SdBNP</controlfield>
  <controlfield tag="005">20250623123022.0</controlfield>
  <controlfield tag="006">a||||gr|||| 00| 0 </controlfield>
  <controlfield tag="007">ta</controlfield>
  <controlfield tag="008">221129e200?    dr ao||gr||||s001 0 spa d</controlfield>
  <datafield tag="040" ind1=" " ind2=" ">
    <subfield code="a">DO-SdBNP</subfield>
    <subfield code="b">spa</subfield>
    <subfield code="c">BNPHU</subfield>
    <subfield code="e">rda</subfield>
  </datafield>
  <datafield tag="082" ind1=" " ind2="4">
    <subfield code="2">22</subfield>
    <subfield code="b">O39u</subfield>
  </datafield>
  <datafield tag="245" ind1="0" ind2="0">
    <subfield code="a">OISOE:</subfield>
    <subfield code="b">un per&#xED;odo de realizaciones /</subfield>
    <subfield code="c">Hernani Salazar; Textos, Adolfo Salom&#xF3;n, Hilman Pimentel, Francisco Garc&#xED;a, M&#xE1;ximo Zabala, Wascar Iv&#xE1;n Ruiz, Coordinadores, Rafael Santos P&#xE9;rez, Rafael Santos Capell&#xE1;n; Fotograf&#xED;as, Pedro de la Cruz, Domingo de la Cruz, Alberto Quiroz, Carmen Suarez.</subfield>
  </datafield>
  <datafield tag="264" ind1=" " ind2="1">
    <subfield code="a">Santo Domingo :</subfield>
    <subfield code="b">Oficina de Ingenieros Supervisores de Obras del Estado,</subfield>
    <subfield code="c">[200?]</subfield>
  </datafield>
  <datafield tag="300" ind1=" " ind2=" ">
    <subfield code="a">409 p&#xE1;ginas :</subfield>
    <subfield code="b">ilustraciones, gr&#xE1;ficas, fotograf&#xED;as :</subfield>
    <subfield code="c">29 cm.</subfield>
  </datafield>
  <datafield tag="336" ind1=" " ind2=" ">
    <subfield code="2">rdacontent</subfield>
    <subfield code="a">texto</subfield>
    <subfield code="b">txt</subfield>
  </datafield>
  <datafield tag="337" ind1=" " ind2=" ">
    <subfield code="2">rdamedia</subfield>
    <subfield code="a">sin mediaci&#xF3;n</subfield>
    <subfield code="b">n</subfield>
  </datafield>
  <datafield tag="338" ind1=" " ind2=" ">
    <subfield code="2">rdacarrier</subfield>
    <subfield code="a">volumen</subfield>
    <subfield code="b">nc</subfield>
  </datafield>
  <datafield tag="505" ind1=" " ind2=" ">
    <subfield code="a">Presentaci&#xF3;n.</subfield>
    <subfield code="t">Distrito Nacional.--</subfield>
    <subfield code="t">Provincia Santo Domingo.--</subfield>
    <subfield code="t">Provincia Santiago.--</subfield>
    <subfield code="t">Provincia Duarte.--</subfield>
    <subfield code="t">Provincia La Vega.--</subfield>
    <subfield code="t">Provincia Espaillat.--</subfield>
    <subfield code="t">Provincia Mar&#xED;a Trinidad S&#xE1;nchez.--</subfield>
    <subfield code="t">Provincia Saman&#xE1;.--</subfield>
    <subfield code="t">Provincia S&#xE1;nchez Ram&#xED;rez.--</subfield>
    <subfield code="t">Provincia Salcedo.--</subfield>
    <subfield code="t">Provincia Mao y Dajab&#xF3;n.--</subfield>
    <subfield code="t">Provincia .--</subfield>
    <subfield code="t">Puerto Plata.--</subfield>
    <subfield code="t">Provincia Peravia y Ocoa.--</subfield>
    <subfield code="t">Provincia Sancrist&#xF3;bal.--</subfield>
    <subfield code="t">Provincia Azua.--</subfield>
    <subfield code="t">Regi&#xF3;n Sur Largo.</subfield>
    <subfield code="t">Regi&#xF3;n Este.</subfield>
  </datafield>
  <datafield tag="590" ind1=" " ind2=" ">
    <subfield code="a">Inventariado 2024 / MF</subfield>
  </datafield>
  <datafield tag="651" ind1=" " ind2="4">
    <subfield code="9">19109</subfield>
    <subfield code="a">Rep&#xFA;blica Dominicana </subfield>
    <subfield code="x">Obras p&#xFA;blicas </subfield>
  </datafield>
  <datafield tag="651" ind1=" " ind2="4">
    <subfield code="9">80168</subfield>
    <subfield code="a">Rep&#xFA;blica Dominicana</subfield>
    <subfield code="x">Administraci&#xF3;n p&#xFA;blica </subfield>
    <subfield code="y">2000- 2004</subfield>
  </datafield>
  <datafield tag="700" ind1=" " ind2="2">
    <subfield code="a">Salazar, Armani</subfield>
    <subfield code="9">82922</subfield>
  </datafield>
  <datafield tag="700" ind1="1" ind2=" ">
    <subfield code="a">Salom&#xF3;n, Adolfo,</subfield>
    <subfield code="e">texto</subfield>
    <subfield code="9">82923</subfield>
  </datafield>
  <datafield tag="700" ind1="1" ind2=" ">
    <subfield code="a">Pimentel, Hilman,</subfield>
    <subfield code="e">texto</subfield>
    <subfield code="9">82924</subfield>
  </datafield>
  <datafield tag="700" ind1="1" ind2=" ">
    <subfield code="9">49062</subfield>
    <subfield code="a">Garc&#xED;a, Francisco,</subfield>
    <subfield code="e">texto</subfield>
  </datafield>
  <datafield tag="700" ind1="1" ind2=" ">
    <subfield code="a">Zabala, M&#xE1;ximo,</subfield>
    <subfield code="e">texto</subfield>
    <subfield code="9">82925</subfield>
  </datafield>
  <datafield tag="700" ind1="1" ind2=" ">
    <subfield code="a">Santos P&#xE9;rez, Rafael,</subfield>
    <subfield code="e">coordinador</subfield>
    <subfield code="9">82926</subfield>
  </datafield>
  <datafield tag="700" ind1="1" ind2=" ">
    <subfield code="a">Santos, Rafael,</subfield>
    <subfield code="d">1968-</subfield>
    <subfield code="e">coordinador</subfield>
    <subfield code="9">43510</subfield>
  </datafield>
  <datafield tag="700" ind1="1" ind2=" ">
    <subfield code="a">Cruz, Pedro, de la,</subfield>
    <subfield code="e">fot&#xF3;graf&#xED;as</subfield>
    <subfield code="9">82927</subfield>
  </datafield>
  <datafield tag="700" ind1="1" ind2=" ">
    <subfield code="9">54824</subfield>
    <subfield code="a">Cruz, Domingo, de la,</subfield>
    <subfield code="e">fot&#xF3;graf&#xED;as</subfield>
  </datafield>
  <datafield tag="700" ind1="1" ind2=" ">
    <subfield code="a">Quiroz,  Alberto,</subfield>
    <subfield code="e">fotograf&#xED;as</subfield>
    <subfield code="9">82928</subfield>
  </datafield>
  <datafield tag="700" ind1="1" ind2=" ">
    <subfield code="a">Su&#xE1;rez, Carmen </subfield>
    <subfield code="e">fotograf&#xED;as</subfield>
    <subfield code="9">82929</subfield>
  </datafield>
  <datafield tag="710" ind1="1" ind2=" ">
    <subfield code="9">36723</subfield>
    <subfield code="a">Rep&#xFA;blica Dominicana.</subfield>
    <subfield code="b">Oficina de Ingenieros Supervisores de Obras del Estado.</subfield>
  </datafield>
  <datafield tag="942" ind1=" " ind2=" ">
    <subfield code="2">ddc</subfield>
    <subfield code="c">LBS1</subfield>
  </datafield>
  <datafield tag="952" ind1=" " ind2=" ">
    <subfield code="0">0</subfield>
    <subfield code="1">0</subfield>
    <subfield code="2">ddc</subfield>
    <subfield code="5">1</subfield>
    <subfield code="7">0</subfield>
    <subfield code="8">PD</subfield>
    <subfield code="a">BNPHU</subfield>
    <subfield code="b">BNPHU</subfield>
    <subfield code="c">CT</subfield>
    <subfield code="d">2018-07-29</subfield>
    <subfield code="e">CERTV</subfield>
    <subfield code="l">0</subfield>
    <subfield code="o">O39u</subfield>
    <subfield code="p">2022-5797</subfield>
    <subfield code="r">2022-11-29</subfield>
    <subfield code="w">2022-11-29</subfield>
    <subfield code="y">LBS1</subfield>
  </datafield>
  <datafield tag="999" ind1=" " ind2=" ">
    <subfield code="c">53023</subfield>
    <subfield code="d">53023</subfield>
  </datafield>
</record>
